[Event "Festival"]
[Site "?"]
[Date "2016.02.17"]
[Round "9.5"]
[White "Brunner, Nicolas"]
[Black "Paehtz, Elisabeth"]
[Result "1/2-1/2"]
[LiveChessVersion "1.4.7"]
[BlackElo "2472"]
[WhiteElo "2438"]

1. d4 {[%clk 1:30:58]} e6 {[%clk 1:30:56]} 2. c4 {[%clk 1:31:23]} Bb4+
{[%clk 1:31:22]} 3. Bd2 {[%clk 1:31:47]} a5 {[%clk 1:31:48]} 4. Nc3
{[%clk 1:32:08]} d6 {[%clk 1:32:00]} 5. e4 {[%clk 1:28:58]} e5 {[%clk 1:32:10]}
6. d5 {[%clk 1:29:06]} Na6 {[%clk 1:29:08]} 7. Bd3 {[%clk 1:28:22]} c6
{[%clk 1:12:31]} 8. Nge2 {[%clk 1:26:48]} Ne7 {[%clk 1:09:48]} 9. O-O
{[%clk 1:26:14]} O-O {[%clk 1:09:26]} 10. a3 {[%clk 1:15:27]} Bc5
{[%clk 1:07:08]} 11. Rb1 {[%clk 1:11:13]} Bd7 {[%clk 0:55:43]} 12. Qe1
{[%clk 1:04:26]} cxd5 {[%clk 0:52:13]} 13. cxd5 {[%clk 1:02:49]} Bb6
{[%clk 0:48:37]} 14. b4 {[%clk 0:46:23]} axb4 {[%clk 0:49:00]} 15. axb4
{[%clk 0:46:49]} Nc7 {[%clk 0:47:39]} 16. Kh1 {[%clk 0:46:26]} Ng6
{[%clk 0:46:42]} 17. f3 {[%clk 0:43:51]} Qe8 {[%clk 0:41:53]} 18. Ra1
{[%clk 0:43:10]} Qe7 {[%clk 0:40:57]} 19. Qg3 {[%clk 0:40:56]} Rfc8
{[%clk 0:33:46]} 20. Rfc1 {[%clk 0:40:29]} Na6 {[%clk 0:31:07]} 21. Nb5
{[%clk 0:37:39]} Rxc1+ {[%clk 0:29:31]} 22. Rxc1 {[%clk 0:38:03]} Bxb5
{[%clk 0:27:09]} 23. Bxb5 {[%clk 0:38:25]} Nc7 {[%clk 0:27:37]} 24. Bc4
{[%clk 0:37:28]} Qd7 {[%clk 0:23:58]} 25. Qe1 {[%clk 0:34:59]} Nb5
{[%clk 0:22:45]} 26. Ra1 {[%clk 0:34:30]} Rc8 {[%clk 0:22:17]} 27. Bd3
{[%clk 0:32:03]} Nd4 {[%clk 0:22:02]} 28. Nxd4 {[%clk 0:30:56]} Bxd4
{[%clk 0:22:24]} 29. Rc1 {[%clk 0:29:48]} h5 {[%clk 0:17:46]} 30. Rxc8+
{[%clk 0:25:47]} Qxc8 {[%clk 0:18:12]} 31. Qc1 {[%clk 0:26:09]} Qxc1+
{[%clk 0:16:50]} 32. Bxc1 {[%clk 0:26:33]} Kf8 {[%clk 0:15:47]} 33. g3
{[%clk 0:24:50]} Bc3 {[%clk 0:15:33]} 34. Ba3 {[%clk 0:24:48]} h4
{[%clk 0:15:17]} 35. Kg2 {[%clk 0:25:11]} Ke7 {[%clk 0:15:02]} 36. Kh3
{[%clk 0:23:11]} Be1 {[%clk 0:14:06]} 37. Bb5 {[%clk 0:22:47]} hxg3
{[%clk 0:13:19]} 38. hxg3 {[%clk 0:23:13]} Bc3 {[%clk 0:13:38]} 39. Kg4
{[%clk 0:23:01]} Bd2 {[%clk 0:14:03]} 40. Ba4 {[%clk 0:22:52]} Be3
{[%clk 0:14:06]} 41. Kh3 {[%clk 0:21:18]} Bd2 {[%clk 0:14:29]} 42. Kg2
{[%clk 0:21:42]} Be1 {[%clk 0:14:53]} 43. Bb5 {[%clk 0:17:56]} Kd8
{[%clk 0:15:14]} 44. Kh2 {[%clk 0:17:42]} Bd2 {[%clk 0:12:44]} 45. Bf1
{[%clk 0:17:45]} Kc7 {[%clk 0:10:52]} 46. Bb5 {[%clk 0:12:43]} Kd8
{[%clk 0:11:17]} 47. Kg2 {[%clk 0:10:09]} Be1 {[%clk 0:11:38]} 48. Kh3
{[%clk 0:10:28]} Bd2 {[%clk 0:11:44]} 49. Kg4 {[%clk 0:10:52]} Ke7
{[%clk 0:11:18]} 50. Ba4 {[%clk 0:11:03]} Be3 {[%clk 0:11:13]} 51. Bb2
{[%clk 0:10:09]} Bd2 {[%clk 0:11:34]} 52. Ba3 {[%clk 0:08:04]} Be3
{[%clk 0:11:59]} 53. Bb2 {[%clk 0:06:44]} Bd2 {[%clk 0:12:25]} 54. Ba3
{[%clk 0:07:08]} 1/2-1/2